000 00817ata a2200289 4500
005 20260114103037.0
008 150526b2003 xxu||||| |||| 00| 0 spa d
020 _a9977677832
041 _aESP
082 _a363.738.74 A481a
100 _aAmador Berrocal, Sonia María
245 _aAmenaza de los cambios atmosféricos inducidos por la contaminación ambiental
260 _aCosta Rica
260 _bUniversidad de Costa Rica
260 _c2003
300 _a238 páginas
490 _aTurismo
650 _aCAMBIOS ATMOSFÉRICOS
650 _aCONTAMINACIÓN AMBIENTAL
650 _aAMENAZAS ATMOSFÉRICAS
650 _aEFECTO INVERNADERO
650 _aCAPA DE OZONO Y RADIACIÓN UV
650 _aCONTAMINACIÓN ATMOSFÉRICA
650 _aLLUVIA ÁCIDA
942 _cBK
_2ddc
999 _c5984
_d5984